Statystyki dla Białoruskie obwody

Kliknij tutaj aby rozwiązać quiz!

Ogólne statystyki

  • Ten quiz został rozwiązany 10 razy
  • Średni wynik to 6 z 7

Statystyki odpowiedzi

Obwód% Poprawnych
Mińsk
100%
Brzeski
90%
Grodzieński
90%
Homelski
90%
Witebski
90%
Miński
80%
Mohylewski
80%

Rozkład punktacji

Percentyl według liczby udzielonych odpowiedzi

Procent ludzi z każdym wynikiem

Twoja historia wyników

Nie rozwiązałeś tego quizu